ბათუმის შოთა რუსთაველის სახელმწიფო უნივერსიტეტის ბიბლიოთეკა

Реферативный журнал. Электронное издание. 13Б. Математический анализ №6 . 2017 (ბიბ.ჩანაწერი № 54531)

000 -LEADER
fixed length control field 00695nam a2200205Ia 4500
001 - CONTROL NUMBER
control field 21595
003 - CONTROL NUMBER IDENTIFIER
control field GE_BSU
008 - FIXED-LENGTH DATA ELEMENTS--GENERAL INFORMATION
fixed length control field 181216s||||||||xx |||||||||||||| ||und||
020 ## - INTERNATIONAL STANDARD BOOK NUMBER
International Standard Book Number 0202-9545
040 ## - CATALOGING SOURCE
Transcribing agency GE_BSU
245 ## - TITLE STATEMENT
Title Реферативный журнал. Электронное издание. 13Б. Математический анализ №6 . 2017
260 ## - PUBLICATION, DISTRIBUTION, ETC.
Place of publication, distribution, etc. Москва
260 ## - PUBLICATION, DISTRIBUTION, ETC.
Date of publication, distribution, etc. 2017
300 ## - PHYSICAL DESCRIPTION
Extent cd
653 ## - INDEX TERM--UNCONTROLLED
Uncontrolled term cd
653 ## - INDEX TERM--UNCONTROLLED
Uncontrolled term Математика
653 ## - INDEX TERM--UNCONTROLLED
Uncontrolled term Реферативный журнал. Электронное издание. 13Б. Математический анализ №6 . 2017
653 ## - INDEX TERM--UNCONTROLLED
Uncontrolled term მათემატიკა
942 ## - ADDED ENTRY ELEMENTS (KOHA)
Koha item type კომპიუტერის ფაილები
ეგზემპლარები
Withdrawn status Lost status Damaged status Not for loan Date acquired Barcode Date last seen Price effective from Koha item type Public note
        2018-12-17 p 78961 2018-12-17 2018-12-17 კომპიუტერის ფაილები პერიოდიკა